Library Banner

The Islamic threat (Record no. 70940)

MARC details
000 -LEADER
fixed length control field 00428nam a22001577a 4500
005 - DATE AND TIME OF LATEST TRANSACTION
control field 20150508111302.0
008 - FIXED-LENGTH DATA ELEMENTS--GENERAL INFORMATION
fixed length control field 150508b xxu||||| |||| 00| 0 eng d
020 ## - INTERNATIONAL STANDARD BOOK NUMBER
International Standard Book Number 019508666X
040 ## - CATALOGING SOURCE
Transcribing agency PK-LaUMT
082 ## - DEWEY DECIMAL CLASSIFICATION NUMBER
Classification number KHC 297.9904
Item number ESP-I
100 ## - MAIN ENTRY--PERSONAL NAME
Personal name Esposito, John L
245 ## - TITLE STATEMENT
Title The Islamic threat
Remainder of title myth or reality?
Statement of responsibility, etc John L. Esposito
260 ## - PUBLICATION, DISTRIBUTION, ETC. (IMPRINT)
Place of publication, distribution, etc New York
Name of publisher, distributor, etc Oxford University press
Date of publication, distribution, etc 1992
300 ## - PHYSICAL DESCRIPTION
Extent 247 p.
942 ## - ADDED ENTRY ELEMENTS (KOHA)
Koha item type Books
Holdings
Withdrawn status Lost status Damaged status Home library Current library Date acquired Full call number Barcode Date last seen Price effective from Koha item type
      UMT Main Campus UMT Main Campus 2015-05-08 KHC 297.9904 ESP-I 72685 2015-05-08 2015-05-08 Books